| 000 | 00440nam a2200169Ia 4500 | ||
|---|---|---|---|
| 008 | 230524s9999 xx 000 0 und d | ||
| 020 | _a9788131806579 | ||
| 082 | _bADH | ||
| 100 |
_aDilip Kumar Adhwarjee _942203 |
||
| 245 | 0 | _aTheory and Applications of Mechanical Vibrations | |
| 250 | _a1 | ||
| 260 |
_aNew Delhi _bLaxmi Publi. _c2016 |
||
| 300 | _a"X,239p;" | ||
| 500 | _aQuantity Number: 1 | ||
| 650 | _aMechanics | ||
| 942 | _cBK | ||
| 999 |
_c56552 _d56552 |
||